An investigation into the inter-district disparity in INDIA using household consumption expenditure data (Record no. 533088)

000 -LEADER
fixed length control field 01628nam a22001457a 4500
008 - FIXED-LENGTH DATA ELEMENTS--GENERAL INFORMATION
fixed length control field 260422b ||||| |||| 00| 0 eng d
100 ## - MAIN ENTRY--PERSONAL NAME
Personal name Das, Malya
245 ## - TITLE STATEMENT
Title An investigation into the inter-district disparity in INDIA using household consumption expenditure data
260 ## - PUBLICATION, DISTRIBUTION, ETC. (IMPRINT)
Place of publication, distribution, etc Madhya Pradesh Journal of Social Sciences
300 ## - PHYSICAL DESCRIPTION
Extent 29(2), Dec, 2024: p.41-54
520 ## - SUMMARY, ETC.
Summary, etc Existing studies on disparities in India were mostly limited to regionaland
state-level analyses. Using the data from the 61st and 66th rounds of
the National Sample Survey of India this paper examined the inter-district
economic disparity in terms of monthly per capita consumption
expenditure (MPCE) in India and bigger states during 2004-09. A set of
three inequality measures, namely, Theil, Hoover and Gini indices, and the
Lorenz curve were used to assess the economic disparity among the
districts. Results showed that the districts of northern and eastern states of
India were economically more backward. Disparity in MPCE continued to
exist among the districts of India. The degree of inter-district disparity in
MPCE was found to be higher in the economically better-off states (such as
Gujarat, Maharashtra and Karnataka), compared to the economically
poorer states (such as Bihar and Rajasthan) of India.-Reproduced


https://mpissr.org/wp-content/uploads/2025/05/MPJSS-292-December-2024.pdf
650 ## - SUBJECT ADDED ENTRY--TOPICAL TERM
Topical term or geographic name as entry element Inter-district disparity, Inequality measures, Lorenz curve, Monthly percapita consumption expenditure, Districts, India.
9 (RLIN) 60177
773 ## - HOST ITEM ENTRY
Main entry heading Madhya Pradesh Journal of Social Sciences
942 ## - ADDED ENTRY ELEMENTS (KOHA)
Item type Articles
Holdings
Withdrawn status Lost status Source of classification or shelving scheme Damaged status Not for loan Permanent location Current location Date acquired Serial Enumeration / chronology Barcode Date last seen Koha item type
          Indian Institute of Public Administration Indian Institute of Public Administration 2026-04-22 29(2), Dec, 2024: p.41-54 AR138600 2026-04-22 Articles

Powered by Koha